LIBRARY ONLINE CATALOGUE

No shame in my game : (Record no. 10654)

MARC details
000 -LEADER
fixed length control field 00596nam a22002052 4500
001 - CONTROL NUMBER
control field 0000003316
005 - DATE AND TIME OF LATEST TRANSACTION
control field 20151217154337.0
008 - FIXED-LENGTH DATA ELEMENTS--GENERAL INFORMATION
fixed length control field 070503s xx 000 0 eng d
020 ## - INTERNATIONAL STANDARD BOOK NUMBER
International Standard Book Number 0375402543 :
040 ## - CATALOGING SOURCE
Original cataloging agency KABU
Transcribing agency KABU
050 #0 - LIBRARY OF CONGRESS CALL NUMBER
Classification number HV4045
Item number .N49
100 1# - MAIN ENTRY--PERSONAL NAME
Personal name Newman, Katherine S.
-- 0000153124
245 10 - TITLE STATEMENT
Title No shame in my game :
Remainder of title the working poor in the inner city.
260 ## - PUBLICATION, DISTRIBUTION, ETC. (IMPRINT)
Place of publication, distribution, etc. New York :
Name of publisher, distributor, etc. Vintage,
Date of publication, distribution, etc. 1999.
300 ## - PHYSICAL DESCRIPTION
Extent xix, 389 p.
650 #0 - SUBJECT ADDED ENTRY--TOPICAL TERM
Topical term or geographic name as entry element Urban poor
Geographic subdivision United States.
-- 0000153125
908 ## - PUT COMMAND PARAMETER (RLIN)
Put command parameter 070503
950 ## - LOCAL HOLDINGS (RLIN)
-- 1
Holdings
Withdrawn status Lost status Source of classification or shelving scheme Not for loan Home library Current library Date acquired Total Checkouts Full call number Barcode Date last seen Date last checked out Price effective from Koha item type
    Library of Congress Classification   Kabarak, Main Campus Kabarak, Main Campus 17/12/2015 9 HV4045 .N49 004743 12/10/2021 23/09/2021 17/12/2015 General Collection